Revista Română de bioetică

Detalles Bibliográficos
Autor Corporativo: Colegiul Medicilor Iasi
Formato: Electrónico Revista
Lenguaje:rumano
Publicado: Ias̜i, Romania : Colegiul Medicilor Ias̜i, 2003-
Materias:
Acceso en línea:Full text available from Research Library: 04/01/2003 to 07/31/2015

MARC

LEADER 00000nas a2200000 i 4500
001 ssj0000615203
003 WaSeSS
005 20200512172242.0
006 m d
007 cr n
008 090218c20039999rm qr p s 0 0rum c
010 |a  2014254163 
016 7 |a 2150224-9  |2 DE-600 
022 |a 2392-8034  |l 1583-5170  |y 1583-5170 
035 |a (WaSeSS)ssj0000615203 
040 |a AU@  |b eng  |c AU@  |d DEBBG  |d FQM  |d CNCGM  |d CUS  |d OCLCF  |d OCLCQ  |d OCLCO  |d WY@  |d U3W  |d OCLCO  |d CRU  |d OCLCO  |d WYU  |d OCLCO  |d OCLCA  |d WaSeSS 
041 0 |a rum  |b eng 
042 |a pcc 
050 1 4 |a R724 
060 1 4 |a W1 
210 0 |a Rev. rom. bioet.  |b (Online) 
222 0 |a Revista Română de bioetica  |b (Online) 
245 0 0 |a Revista Română de bioetică  |h [electronic resource]. 
246 1 3 |a Romanian journal of bioethics 
246 3 0 |a RRB 
260 |a Ias̜i, Romania :  |b Colegiul Medicilor Ias̜i,  |c 2003- 
310 |a Quarterly 
362 1 |a Began in 2003. 
506 |a License restrictions may limit access. 
546 |a Articles in Romanian and English. 
588 |a Description based on: Vol. 1, no. 2 (2003); title from journal home page (publisher's Web site, viewed July 9, 2014). 
588 |a Latest issue consulted: Vol. 12, no. 1 (2014) (viewed July 9, 2014). 
650 0 |a Bioethics  |v Periodicals. 
650 7 |a Bioethics.  |2 fast  |0 (OCoLC)fst00832038 
650 2 |a Bioethics. 
655 0 |a Electronic journals. 
710 2 |a Colegiul Medicilor Iasi. 
776 0 8 |i Print version:  |t Revista Română de bioetică  |x 1583-5170 
856 4 0 |z Full text available from Research Library: 04/01/2003 to 07/31/2015  |u https://search.proquest.com/publication/1536336